| 000 | 00379cam a2200145ua 4500 | ||
|---|---|---|---|
| 041 |
_aeng _h |
||
| 082 |
_a828.03 _bMAU/WR |
||
| 100 | _aMaugham, Somerset W . | ||
| 245 |
_aWriter`s note book / _cSomerset W Maugham. _hTextual Documents |
||
| 260 |
_aLondon : _bHeinemann Educational Books Ltd. , _c1964. |
||
| 300 | _a297 ; . | ||
| 504 | _a | ||
| 942 | _cBK | ||
| 999 |
_c4720 _d4720 |
||